| 000 | 00349nam a2200133 a 4500 | ||
|---|---|---|---|
| 001 | 4054 | ||
| 003 | CDMR | ||
| 005 | 20130116135251.0 | ||
| 008 | 130130s2011||||||||||||||||||||||||||||d | ||
| 040 |
_aCDMR _bcat _cCDMR |
||
| 245 | 0 |
_aAnuario 2010 _bLos hechos, los temas y sus protagonistas |
|
| 260 |
_aBarcelona _c2011 _bDifusora Internacional |
||
| 942 | _cMON | ||
| 999 |
_c4054 _d4054 |
||